2010s Movie Taglines Quiz Stats

 Plays Quiz Updated Aug 16, 2019

Score 0/20 Timer 06:00
2 Plays Today
% Correct
The Social Network
91%
The King's Speech
89.6%
Jurassic World
89.5%
Django Unchained
88.3%
The Wolf of Wall Street
88%
Inside Out
87.9%
Gone Girl
87.2%
The Hunger Games
86%
Wreck-It Ralph
85.6%
Inception
84.1%
% Correct
The Hobbit: An Unexpected Journey
82.6%
Finding Dory
82.4%
Gravity
82.2%
The Secret Life of Pets
81.6%
Hidden Figures
80.9%
12 Years a Slave
78.7%
Deadpool
74.5%
Interstellar
68.9%
Argo
68.2%
The Martian
65.2%

You're not logged in!

Compare scores with friends on all Sporcle quizzes.
OR
Log In

Sporcle TV

Today on Sporcle TV


Watch our educational content, quiz creation guides, and fun videos on Sporcle TV.

Show Comments

Extras

Top Quizzes Today


Score Distribution

Your Account Isn't Verified!

In order to create a playlist on Sporcle, you need to verify the email address you used during registration. Go to your Sporcle Settings to finish the process.

Report this User

Report this user for behavior that violates our Community Guidelines.

Details: